Game over

Zapisane w:
Opis bibliograficzny
1. autor: Sheff, David
Format: Książka
Język:Undetermined
Wydane: New York A Davision of Random House, Inc. 1993
Hasła przedmiotowe:
Etykiety: Dodaj etykietę
Nie ma etykietki, Dołącz pierwszą etykiete!
Thư viện lưu trữ: Trung tâm Học liệu Trường Đại học Cần Thơ
LEADER 00478nam a2200181Ia 4500
001 CTU_82897
008 210402s9999 xx 000 0 und d
082 |a 338.7 
082 |b S542 
100 |a Sheff, David 
245 0 |a Game over 
245 0 |c David Sheff 
260 |a New York 
260 |b A Davision of Random House, Inc. 
260 |c 1993 
650 |a Electronic games,Industry 
904 |i QHieu(sửa) 
980 |a Trung tâm Học liệu Trường Đại học Cần Thơ